Les îles françaises habitées - Statistiques

Statistiques générales
  • Ce quiz a été pris 863 fois
  • Le résultat moyen est 20 sur 50
Statistiques - réponses
Hint Réponse % Correct
17 île de Ré
95%
971 Basse-Terre (Guadeloupe)
88%
971 Grande-Terre (Guadeloupe)
88%
972 Martinique
87%
974 La Réunion
85%
20 Corse
84%
976 Grande-Terre (Mayotte)
77%
976 Petite-Terre (Mayotte)
76%
17 île d'Oléron
72%
987 archipel de la Société
67%
988 Grande-Terre (Nouvelle-Calédonie)
66%
988 île des Pins (Nouvelle-Calédonie)
63%
988 île Art (Nouvelle-Calédonie)
62%
975 Saint-Pierre
59%
56 Belle-île
52%
85 Noirmoutier
52%
986 Wallis
52%
978 Saint-Martin
49%
986 Futuna
47%
975 Miquelon
47%
29 Ouessant
46%
977 Saint-Barthélémy
43%
85 île d'Yeu
41%
83 Porquerolles
39%
29 Sein
38%
56 Groix
32%
17 île d'Aix
31%
971 Marie-Galante
31%
22 archipel de Bréhat
27%
987 îles Marquises
25%
56 Houat
23%
29 île de Batz
23%
29 Molène
23%
56 île aux Moines
22%
56 Hoedic
21%
29 Les Glénan
21%
83 île du Levant
20%
83 Port-Cros
20%
987 archipel des Australes
19%
50 îles Chausey
17%
56 île d'Arz
16%
971 îles des Saintes
15%
988 Ouvéa (îles Loyauté)
14%
971 La Désirade
13%
987 archipel des Tuamotu
11%
988 Lifou (îles Loyauté)
11%
988 Maré (îles Loyauté)
10%
987 archipel des Gambier
8%
988 Tiga (îles Loyauté)
6%
986 Alofi
5%
Aucun quiz correspondant
Distribution des résultats
% des personnes avec chaque résultat
Percentile par nombre de réponses
Votre historique - résultats
Vous n’avez pas pris ce quiz